000 00637nam a2200217 a 4500
999 _c6083
_d6083
003 PK-NaQUE
005 20260427121556.0
008 260427b ||||| |||| 00| 0 eng d
020 _a0849375673 (hardcover)
020 _a9780849375675 (hardcover)
040 _cQUEST
082 _a621.319BRO
100 1 _aBrown, Richard E.
245 1 0 _aElectric Power Distribution Reliability
250 _a2nd ed.
260 _aNew York
_bMarcel Dekkar, Inc
_c2002.
300 _aX,365 p. ;
650 _aElectric power distribution--Reliability
856 _uhttp://10.10.170.122:8080/browse/book/29642
_yDownload eBook
942 _cBK
_2ddc